Loreto College Library, Kolkata
WEBOPAC (ONLINE PUBLIC ACCESS CATALOGUE)

Reincarnation illusion or reality ? (Record no. 25658)

MARC details
000 -LEADER
fixed length control field 00612nam a2200205Ia 4500
008 - FIXED-LENGTH DATA ELEMENTS--GENERAL INFORMATION
fixed length control field 131103s9999 xx 000 0 und d
020 ## - ISBN | অাই এস বি এন
ISBN | অাই এস বি এন 0 8189 0432 1
040 ## - CATALOGING SOURCE
Original cataloging agency Loreto College
041 ## - LANGUAGE CODE
Language code English
082 ## - DDC | ডিউই
Classification number | বর্গসংখ্যা 236.8/ROB
Book Number | গ্রন্থাঙ্ক LCLIB/28054
100 ## - MAIN ENTRY--PERSONAL NAME | মুখ্য সংলেখ - ব্যাক্তিনাম
Personal name | ব্যাক্তিনাম Robillard, Edmond
245 ## - TITLE STATEMENT | অাখ্যা বিবরণী
Title | অাখ্যা Reincarnation illusion or reality ?
Statement of responsibility | লেখকের দায়িত্বের বিবরণ Edmond Robillard; translated by K D Whitehead
260 ## - IMPRINT | প্রকাশনা ক্ষেত্র
Place of publication | প্রকাশ স্থান New York
Name of publisher | প্রকাশকের নাম Alba
Date of publication | প্রকাশ কাল 1982
300 ## - PHYSICAL DESCRIPTION |
Page / Vol. No | পৃষ্ঠা / খন্ড সংখ্যা xi,180p.
Other physical details | অনান্য বাহ্যিক বিবরণ ill., plates
650 ## - SUBJECT ADDED ENTRY--TOPICAL TERM | বিষয় শিরোনাম - মূল বিষয়
Topical term | মূল বিষয় Christianity & reincarnation
651 ## - SUBJECT ADDED ENTRY--GEOGRAPHIC NAME | বিষয় শিরোনাম - ভৌগলিক নাম
Geographic name | ভৌগলিক বিষয় Christianity
700 ## - ADDED ENTRY--PERSONAL NAME | অতিরিক্ত সংলেখ - ব্
Personal name | ব্যাক্তিনাম Whitehead, K D; tr.
850 ## - HOLDING INSTITUTION
Holding institution LCLIB/236.8/ROB
942 ## - ADDED ENTRY ELEMENTS (KOHA)
Koha item type Books
Holdings
Withdrawn status Lost status Damaged status Not for loan Home library Current library Date acquired Total Checkouts Full call number Accession No. Date last seen Price effective from Koha item type
        Loreto College Loreto College 04/11/2013   236.8/ROB LCLIB/28054 B28498 04/11/2013 04/11/2013 Books